[Event "Unterfränkische"]
[Site "?"]
[Date "2014.04.25"]
[Round "8.1"]
[White "Kunz, Konstantin"]
[Black "Hock, Gerold"]
[Result "1-0"]
[WhiteElo "2198"]
[BlackElo "2097"]
[PlyCount "139"]
[EventDate "2014.??.??"]

1. d4 {[%clk 1:59:53]} 1... e6 {[%clk 1:59:50]} 2. Nf3 {[%clk 1:59:13]} 2...
Nf6 {[%clk 1:59:42]} 3. Bf4 {[%clk 1:57:49]} 3... b6 {[%clk 1:56:06]} 4. e3 {
[%clk 1:56:55]} 4... Bb7 {[%clk 1:51:07]} 5. Bd3 {[%clk 1:56:38]} 5... Nh5 {
[%clk 1:42:08]} 6. Bg5 {[%clk 1:55:28]} 6... Be7 {[%clk 1:40:54]} 7. Bxe7 {
[%clk 1:52:07]} 7... Qxe7 {[%clk 1:40:29]} 8. c3 {[%clk 1:47:34]} 8... f5 {
[%clk 1:39:27]} 9. Nbd2 {[%clk 1:45:53]} 9... O-O {[%clk 1:37:47]} 10. h3 {
[%clk 1:39:12]} 10... g6 {[%clk 1:35:04]} 11. Qc2 {[%clk 1:35:56]} 11... Nf6 {
[%clk 1:24:18]} 12. Rg1 {[%clk 1:34:29]} 12... Kh8 {[%clk 1:23:22]} 13. g4 {
[%clk 1:30:34]} 13... Ne4 {[%clk 1:12:13]} 14. g5 {[%clk 1:20:26]} 14... Nxd2 {
[%clk 1:09:54]} 15. Nxd2 {[%clk 1:19:58]} 15... e5 {[%clk 0:57:24]} 16. O-O-O {
[%clk 1:18:42]} 16... Ba6 {[%clk 0:53:51]} 17. Bxa6 {[%clk 1:14:27]} 17... Nxa6
{[%clk 0:53:49]} 18. Qd3 {[%clk 1:13:52]} 18... Nb8 {[%clk 0:52:40]} 19. dxe5 {
[%clk 1:06:07]} 19... Qxe5 {[%clk 0:52:22]} 20. f4 {[%clk 1:04:03]} 20... Qe6 {
[%clk 0:51:51]} 21. h4 {[%clk 1:01:57]} 21... Nc6 {[%clk 0:48:22]} 22. Rh1 {
[%clk 1:00:33]} 22... Kg7 {[%clk 0:43:51]} 23. h5 {[%clk 1:00:08]} 23... Rh8 {
[%clk 0:41:11]} 24. e4 {[%clk 0:51:06]} 24... Rae8 {[%clk 0:29:38]} 25. exf5 {
[%clk 0:44:09]} 25... Qxf5 {[%clk 0:29:35]} 26. Qxf5 {[%clk 0:43:36]} 26...
gxf5 {[%clk 0:29:33]} 27. Nf3 {[%clk 0:41:45]} 27... d6 {[%clk 0:29:04]} 28.
Nh4 {[%clk 0:41:22]} 28... Rhf8 {[%clk 0:28:24]} 29. Rhe1 {[%clk 0:40:49]}
29... Re7 {[%clk 0:25:27]} 30. c4 {[%clk 0:36:44]} 30... Rff7 {[%clk 0:18:52]}
31. b3 {[%clk 0:26:19]} 31... a6 {[%clk 0:18:30]} 32. Kb2 {[%clk 0:24:59]}
32... Kf8 {[%clk 0:18:08]} 33. Kc3 {[%clk 0:23:55]} 33... Ke8 {[%clk 0:17:42]}
34. a3 {[%clk 0:16:33]} 34... Kd7 {[%clk 0:16:55]} 35. b4 {[%clk 0:13:31]}
35... Rxe1 {[%clk 0:14:17]} 36. Rxe1 {[%clk 0:13:25]} 36... Ne7 {[%clk 0:14:15]
} 37. Kd4 {[%clk 0:11:26]} 37... Kd8 {[%clk 0:10:28]} 38. Kc3 {[%clk 0:09:21]}
38... Kd7 {[%clk 0:08:31]} 39. Re2 {[%clk 0:08:33]} 39... Kd8 {[%clk 0:08:24]}
40. Nf3 {[%clk 0:03:25]} 40... Kd7 {[%clk 0:05:21]} 41. Kd3 {[%clk 0:58:31]}
41... Kd8 {[%clk 1:05:13]} 42. Nh4 {[%clk 0:58:15]} 42... Kd7 {[%clk 1:04:57]}
43. Rg2 {[%clk 0:49:00]} 43... Ke8 {[%clk 1:02:37]} 44. Kc3 {[%clk 0:45:01]}
44... Kd8 {[%clk 1:01:56]} 45. a4 {[%clk 0:44:37]} 45... c6 {[%clk 0:59:37]}
46. Re2 {[%clk 0:41:13]} 46... Kd7 {[%clk 0:57:05]} 47. Kd4 {[%clk 0:36:58]}
47... Kd8 {[%clk 0:55:00]} 48. Ra2 {[%clk 0:35:58]} 48... Kd7 {[%clk 0:54:13]}
49. Rf2 {[%clk 0:35:12]} 49... Ke6 {[%clk 0:51:14]} 50. Kd3 {[%clk 0:26:07]}
50... Kd7 {[%clk 0:50:24]} 51. Ng2 {[%clk 0:25:09]} 51... Rf8 {[%clk 0:45:56]}
52. Rb2 {[%clk 0:24:54]} 52... Ra8 {[%clk 0:45:02]} 53. Nh4 {[%clk 0:24:08]}
53... Rf8 {[%clk 0:40:43]} 54. Kc3 {[%clk 0:21:37]} 54... Re8 {[%clk 0:40:16]}
55. Rg2 {[%clk 0:20:58]} 55... Rh8 {[%clk 0:36:40]} 56. Re2 {[%clk 0:19:51]}
56... Rf8 {[%clk 0:36:32]} 57. Kd4 {[%clk 0:18:13]} 57... Rf7 {[%clk 0:36:02]}
58. Kd3 {[%clk 0:11:22]} 58... Rf8 {[%clk 0:35:45]} 59. g6 {[%clk 0:10:06]}
59... hxg6 {[%clk 0:33:46]} 60. Rxe7+ {[%clk 0:09:48]} 60... Kxe7 {
[%clk 0:33:37]} 61. Nxg6+ {[%clk 0:09:36]} 61... Kf7 {[%clk 0:33:12]} 62. Nxf8
{[%clk 0:09:19]} 62... Kxf8 {[%clk 0:33:04]} 63. b5 cxb5 {[%clk 0:31:16]} 64.
cxb5 {[%clk 0:08:54]} 64... axb5 {[%clk 0:31:05]} 65. axb5 {[%clk 0:08:52]}
65... Kg7 {[%clk 0:30:55]} 66. Kd4 {[%clk 0:08:42]} 66... Kh6 {[%clk 0:30:44]}
67. Kd5 {[%clk 0:08:41]} 67... Kxh5 {[%clk 0:30:33]} 68. Kxd6 {[%clk 0:08:32]}
68... Kh4 {[%clk 0:30:06]} 69. Ke6 {[%clk 0:07:48]} 69... Kg4 {[%clk 0:29:46]}
70. Ke5 {[%clk 0:07:36]} 1-0

[Event "Unterfränkische"]
[Site "?"]
[Date "2014.04.25"]
[Round "8.2"]
[White "Savina, Anastasia"]
[Black "Ersoez, Can"]
[Result "1-0"]
[WhiteElo "2394"]
[BlackElo "2034"]
[PlyCount "81"]
[EventDate "2014.??.??"]

1. d4 {[%clk 1:59:54]} 1... c5 {[%clk 1:59:45]} 2. d5 {[%clk 1:59:43]} 2... d6
{[%clk 1:59:37]} 3. c4 {[%clk 1:58:39]} 3... e5 {[%clk 1:59:10]} 4. Nc3 {
[%clk 1:56:23]} 4... Be7 {[%clk 1:58:53]} 5. Nf3 {[%clk 1:49:11]} 5... Bg4 {
[%clk 1:55:58]} 6. Nd2 {[%clk 1:47:50]} 6... Bg5 {[%clk 1:45:59]} 7. Qb3 {
[%clk 1:39:24]} 7... Qd7 {[%clk 1:33:43]} 8. Nde4 {[%clk 1:28:02]} 8... Be7 {
[%clk 1:27:37]} 9. h3 {[%clk 1:23:25]} 9... Bf5 {[%clk 1:25:33]} 10. Ng3 {
[%clk 1:23:04]} 10... Bg6 {[%clk 1:24:45]} 11. e4 {[%clk 1:22:03]} 11... Nf6 {
[%clk 1:20:59]} 12. Be2 {[%clk 1:21:26]} 12... O-O {[%clk 1:19:51]} 13. O-O {
[%clk 1:21:11]} 13... h5 {[%clk 1:07:42]} 14. Qc2 {[%clk 1:07:28]} 14... Na6 {
[%clk 1:02:25]} 15. Be3 {[%clk 0:58:46]} 15... Nc7 {[%clk 0:51:59]} 16. Bd3 {
[%clk 0:53:16]} 16... h4 {[%clk 0:42:53]} 17. Nf5 {[%clk 0:52:23]} 17... Nh5 {
[%clk 0:42:22]} 18. Qd2 {[%clk 0:47:03]} 18... Bf6 {[%clk 0:36:16]} 19. Bc2 {
[%clk 0:40:58]} 19... Qd8 {[%clk 0:35:29]} 20. Kh2 {[%clk 0:39:29]} 20... a6 {
[%clk 0:33:00]} 21. a4 {[%clk 0:39:08]} 21... b6 {[%clk 0:30:44]} 22. Ne2 {
[%clk 0:36:57]} 22... Rb8 {[%clk 0:27:35]} 23. g4 {[%clk 0:32:13]} 23... hxg3+
{[%clk 0:21:21]} 24. fxg3 {[%clk 0:31:58]} 24... b5 {[%clk 0:20:27]} 25. cxb5 {
[%clk 0:26:28]} 25... axb5 {[%clk 0:20:08]} 26. a5 {[%clk 0:26:01]} 26... Na6 {
[%clk 0:18:26]} 27. g4 {[%clk 0:08:56]} 27... Nf4 {[%clk 0:16:40]} 28. Nxf4 {
[%clk 0:08:52]} 28... exf4 {[%clk 0:16:33]} 29. Bxf4 {[%clk 0:08:50]} 29...
Bxf5 {[%clk 0:14:53]} 30. exf5 {[%clk 0:07:43]} 30... Bxb2 {[%clk 0:13:26]} 31.
Rab1 {[%clk 0:04:40]} 31... Bd4 {[%clk 0:11:26]} 32. g5 {[%clk 0:02:32]} 32...
Re8 {[%clk 0:08:35]} 33. f6 {[%clk 0:02:09]} 33... Be5 {[%clk 0:07:33]} 34. Qd3
{[%clk 0:01:52]} 34... g6 {[%clk 0:06:58]} 35. Qg3 {[%clk 0:00:54]} 35... Bxf4
{[%clk 0:05:24]} 36. Qxf4 {[%clk 0:00:53]} 36... Re2+ {[%clk 0:05:02]} 37. Rf2
{[%clk 0:00:52]} 37... Qe8 {[%clk 0:02:17]} 38. Rbf1 {[%clk 0:00:14]} 38...
Rxf2+ {[%clk 0:01:00]} 39. Rxf2 {[%clk 0:00:12]} 39... Qf8 {[%clk 0:00:20]} 40.
Bxg6 fxg6 {[%clk 0:00:02]} 41. f7+ {[%clk 0:59:32]} 1-0

[Event "Unterfränkische"]
[Site "?"]
[Date "2014.04.25"]
[Round "8.3"]
[White "Englert, Fabian"]
[Black "Kwossek, Georg"]
[Result "1-0"]
[WhiteElo "2310"]
[BlackElo "2015"]
[PlyCount "71"]
[EventDate "2014.??.??"]

1. d4 {[%clk 1:59:57]} 1... Nf6 {[%clk 1:59:56]} 2. Nf3 {[%clk 1:59:51]} 2...
g6 {[%clk 1:59:42]} 3. c4 {[%clk 1:59:29]} 3... Bg7 {[%clk 1:59:38]} 4. Nc3 {
[%clk 1:59:24]} 4... O-O {[%clk 1:59:27]} 5. Bg5 {[%clk 1:59:10]} 5... d6 {
[%clk 1:57:31]} 6. e3 {[%clk 1:58:59]} 6... c5 {[%clk 1:55:50]} 7. d5 {
[%clk 1:58:32]} 7... Na6 {[%clk 1:41:26]} 8. Be2 {[%clk 1:56:58]} 8... Nc7 {
[%clk 1:40:43]} 9. O-O {[%clk 1:54:05]} 9... e5 {[%clk 1:33:43]} 10. dxe6 {
[%clk 1:49:30]} 10... Bxe6 {[%clk 1:20:09]} 11. Qc2 {[%clk 1:44:22]} 11... Nce8
{[%clk 1:14:13]} 12. Rfd1 {[%clk 1:34:20]} 12... Qb6 {[%clk 1:11:41]} 13. Rab1
{[%clk 1:30:23]} 13... Qc6 {[%clk 1:07:35]} 14. Nd2 {[%clk 1:24:11]} 14... a6 {
[%clk 0:59:16]} 15. a4 {[%clk 1:11:53]} 15... Rc8 {[%clk 0:49:52]} 16. b3 {
[%clk 0:59:58]} 16... Kh8 {[%clk 0:44:46]} 17. e4 {[%clk 0:53:46]} 17... Ng8 {
[%clk 0:35:53]} 18. Nf1 {[%clk 0:45:53]} 18... h6 {[%clk 0:31:35]} 19. Bh4 {
[%clk 0:43:42]} 19... Nef6 {[%clk 0:27:23]} 20. Ne3 {[%clk 0:42:57]} 20... Nd7
{[%clk 0:21:07]} 21. Rd2 {[%clk 0:37:12]} 21... g5 {[%clk 0:20:27]} 22. Bg3 {
[%clk 0:36:56]} 22... Ne5 {[%clk 0:20:17]} 23. Rbd1 {[%clk 0:35:19]} 23... Rcd8
{[%clk 0:19:30]} 24. Ncd5 {[%clk 0:34:12]} 24... Ng6 {[%clk 0:15:23]} 25. h3 {
[%clk 0:27:36]} 25... Ne5 {[%clk 0:12:37]} 26. f4 {[%clk 0:23:06]} 26... gxf4 {
[%clk 0:12:18]} 27. Nxf4 {[%clk 0:23:04]} 27... Bf6 {[%clk 0:10:15]} 28. Nf5 {
[%clk 0:19:48]} 28... Bxf5 {[%clk 0:09:24]} 29. exf5 {[%clk 0:19:47]} 29...
Rfe8 {[%clk 0:05:39]} 30. Kh2 {[%clk 0:14:05]} 30... a5 {[%clk 0:05:05]} 31.
Bd3 {[%clk 0:13:06]} 31... b6 {[%clk 0:03:54]} 32. Be4 {[%clk 0:12:07]} 32...
Qc7 {[%clk 0:02:11]} 33. Re2 {[%clk 0:09:24]} 33... Nc6 {[%clk 0:01:28]} 34.
Nd5 {[%clk 0:08:22]} 34... Qb8 {[%clk 0:01:26]} 35. Nxf6 {[%clk 0:07:33]} 35...
Nxf6 {[%clk 0:01:24]} 36. Bxc6 {[%clk 0:07:13]} 1-0

[Event "Unterfränkische"]
[Site "?"]
[Date "2014.04.25"]
[Round "8.4"]
[White "Kuhn, Tobias"]
[Black "Basel, Matthias"]
[Result "1/2-1/2"]
[WhiteElo "2225"]
[BlackElo "2110"]
[PlyCount "99"]
[EventDate "2014.??.??"]

1. c4 {[%clk 1:59:57]} 1... Nf6 {[%clk 1:59:54]} 2. Nc3 {[%clk 1:59:38]} 2...
g6 {[%clk 1:59:48]} 3. g3 {[%clk 1:59:34]} 3... Bg7 {[%clk 1:59:41]} 4. Bg2 {
[%clk 1:59:26]} 4... O-O {[%clk 1:59:27]} 5. e3 {[%clk 1:58:43]} 5... c6 {
[%clk 1:58:06]} 6. Nge2 {[%clk 1:58:32]} 6... d6 {[%clk 1:56:53]} 7. O-O {
[%clk 1:58:06]} 7... Nbd7 {[%clk 1:52:51]} 8. Rb1 {[%clk 1:56:24]} 8... a5 {
[%clk 1:44:33]} 9. a3 {[%clk 1:52:44]} 9... Ne5 {[%clk 1:37:33]} 10. d3 {
[%clk 1:52:10]} 10... h5 {[%clk 1:37:10]} 11. h3 {[%clk 1:49:16]} 11... Qb6 {
[%clk 1:28:41]} 12. d4 {[%clk 1:43:51]} 12... Ned7 {[%clk 1:22:55]} 13. b4 {
[%clk 1:43:32]} 13... axb4 {[%clk 1:22:08]} 14. axb4 {[%clk 1:43:17]} 14... Rd8
{[%clk 1:19:18]} 15. Qd3 {[%clk 1:32:12]} 15... Nf8 {[%clk 1:10:53]} 16. e4 {
[%clk 1:26:00]} 16... e5 {[%clk 0:55:51]} 17. Be3 {[%clk 1:25:24]} 17... Qc7 {
[%clk 0:55:21]} 18. f4 {[%clk 1:22:51]} 18... exd4 {[%clk 0:43:09]} 19. Nxd4 {
[%clk 1:21:53]} 19... Ra3 {[%clk 0:35:43]} 20. Ra1 {[%clk 1:15:37]} 20... Rxa1
{[%clk 0:33:52]} 21. Rxa1 {[%clk 1:15:31]} 21... Ne6 {[%clk 0:32:01]} 22. Rd1 {
[%clk 1:11:40]} 22... Ne8 {[%clk 0:24:16]} 23. Nf3 {[%clk 1:10:32]} 23... Nf8 {
[%clk 0:17:22]} 24. Ne2 {[%clk 1:05:33]} 24... f5 {[%clk 0:15:32]} 25. e5 {
[%clk 1:04:52]} 25... Ne6 {[%clk 0:14:15]} 26. exd6 {[%clk 1:01:39]} 26... Rxd6
{[%clk 0:13:58]} 27. Qc2 {[%clk 1:00:56]} 27... Rxd1+ {[%clk 0:13:06]} 28. Qxd1
{[%clk 1:00:50]} 28... Qd8 {[%clk 0:11:38]} 29. Qb3 {[%clk 0:54:25]} 29... Bf6
{[%clk 0:11:02]} 30. Ne5 {[%clk 0:54:03]} 30... Kg7 {[%clk 0:10:41]} 31. Kh2 {
[%clk 0:50:03]} 31... Qc7 {[%clk 0:09:04]} 32. Bc1 {[%clk 0:49:19]} 32... Nd6 {
[%clk 0:08:41]} 33. Bb2 {[%clk 0:47:55]} 33... Nf7 {[%clk 0:08:25]} 34. Qe3 {
[%clk 0:45:59]} 34... Qd6 {[%clk 0:05:26]} 35. Nxf7 {[%clk 0:44:31]} 35... Kxf7
{[%clk 0:05:21]} 36. Bxf6 {[%clk 0:44:21]} 36... Kxf6 {[%clk 0:05:17]} 37. Qc3+
{[%clk 0:44:11]} 37... Kf7 {[%clk 0:05:05]} 38. Qh8 {[%clk 0:41:10]} 38... Qf8
{[%clk 0:03:38]} 39. Qc3 {[%clk 0:39:37]} 39... Qd8 {[%clk 0:02:19]} 40. b5 {
[%clk 0:34:16]} 40... Bd7 {[%clk 0:00:15]} 41. Nc1 {[%clk 0:27:56]} 41... Qf6 {
[%clk 0:52:21]} 42. Qa3 {[%clk 1:23:09]} 42... h4 {[%clk 0:36:45]} 43. Qd6 {
[%clk 1:00:48]} 43... hxg3+ {[%clk 0:33:05]} 44. Kxg3 {[%clk 1:00:25]} 44...
Qd4 {[%clk 0:29:32]} 45. Qxd4 {[%clk 0:46:48]} 45... Nxd4 {[%clk 0:29:27]} 46.
bxc6 {[%clk 0:46:36]} 46... Bxc6 {[%clk 0:28:15]} 47. Bxc6 {[%clk 0:46:31]}
47... Nxc6 {[%clk 0:25:08]} 48. Nb3 {[%clk 0:42:02]} 48... Kf6 {[%clk 0:23:53]}
49. Kh4 {[%clk 0:39:51]} 49... b6 {[%clk 0:22:48]} 50. Kg3 {[%clk 0:38:44]  Ke5
} 1/2-1/2

[Event "Unterfränkischen EM 2014"]
[Site "Wörth am Main"]
[Date "2014.04.25"]
[Round "8.6"]
[White "Pfarr, Michael"]
[Black "Kuhn, Norbert"]
[Result "1-0"]
[WhiteElo "2074"]
[BlackElo "2161"]
[PlyCount "159"]
[EventDate "2014.??.??"]

1. e4 e6 2. d4 d5 3. Nd2 c5 4. Ngf3 Nc6 5. c3 dxe4 6. Nxe4 cxd4 7. Nxd4 Nxd4 8.
Qxd4 Qxd4 9. cxd4 Bb4+ 10. Nc3 Nf6 11. Bd2 Bd7 12. f3 Bc6 13. Bb5 Rc8 14. Bxc6+
Rxc6 15. Ke2 Kd7 16. Rac1 Rhc8 17. a3 Bxc3 18. bxc3 b5 19. Rb1 a6 20. Kd3 Rc4
21. Rb3 Nd5 22. Rhb1 Kd6 23. Re1 Re8 24. g3 Ra4 25. f4 Rc8 26. Ra1 Nb6 27. Re1
f6 28. Re2 Kd5 29. Bc1 Nc4 30. Rb4 Ra5 31. Rb3 e5 32. dxe5 fxe5 33. Re4 Rc6 34.
Re2 Re6 35. f5 e4+ 36. Kc2 Re5 37. g4 Ra4 38. Rb4 Ra5 39. Kb3 Kc5 40. Be3+ Kd5
41. a4 Re8 42. Rxc4 bxc4+ 43. Kb4 Rc5 44. Bxc5 Rb8+ 45. Ka5 Kxc5 46. Rxe4 Rb3
47. Re3 Rb7 48. g5 Rf7 49. Rf3 h6 50. h4 hxg5 51. hxg5 Kd5 52. Kxa6 Ke4 53. Rf1
Kd3 54. Kb6 Ke2 55. Rg1 Rxf5 56. a5 Kd3 57. Rg3+ Ke4 58. a6 Rf1 59. g6 Kf5 60.
Rg2 Rb1+ 61. Kc5 Ra1 62. Kb6 Ra3 63. a7 Rb3+ 64. Kc5 Ra3 65. Kxc4 Rxa7 66. Kb5
Ke6 67. c4 Kf6 68. c5 Ra1 69. c6 Rc1 70. Kb6 Rb1+ 71. Kc7 Rc1 72. Kd7 Rd1+ 73.
Kc8 Rc1 74. c7 Kf5 75. Rb2 Kxg6 76. Rb5 Kf6 77. Kb7 g5 78. c8=Q Rxc8 79. Kxc8
g4 80. Kb7 1-0

[Event "Unterfränkischen EM 2014"]
[Site "Wörth am Main"]
[Date "2014.04.25"]
[Round "8.7"]
[White "Frey, Michael"]
[Black "Scholz, Stefan"]
[Result "0-1"]
[WhiteElo "2083"]
[BlackElo "2046"]
[PlyCount "88"]
[EventDate "2014.??.??"]

1. e4 e6 2. d4 d5 3. exd5 exd5 4. c4 Nf6 5. Nf3 Bb4+ 6. Nc3 O-O 7. Bd3 Re8+ 8.
Be3 dxc4 9. Bxc4 Be6 10. Bxe6 Rxe6 11. Qb3 Na6 12. O-O c6 13. Rad1 Nd5 14. Rfe1
Qa5 15. a3 Bxc3 16. bxc3 b5 17. Bd2 Rxe1+ 18. Rxe1 Rc8 19. Ne5 Qb6 20. Qb1 Qd8
21. Qf5 Qc7 22. h4 Re8 23. Re4 f6 24. Nd3 Rxe4 25. Qxe4 Qe7 26. Qg4 Nac7 27.
Nc5 Nb6 28. h5 Kh8 29. h6 g6 30. Qf3 Ncd5 31. Bf4 Kg8 32. Ne4 Qxa3 33. g4 Nc4
34. Kg2 Qe7 35. g5 f5 36. Nc5 a5 37. Kg3 Qe1 38. Nd7 Qe7 39. Nb8 Qe8 40. Kh4 a4
41. Na6 a3 42. Nb4 Nxb4 43. cxb4 Qe4 44. Qe3 Qh1+ 0-1

[Event "Unterfränkischen EM 2014"]
[Site "Wörth am Main"]
[Date "2014.04.25"]
[Round "8.8"]
[White "Flach, Manuel"]
[Black "Amtmann, Florian"]
[Result "0-1"]
[WhiteElo "1908"]
[BlackElo "2158"]
[PlyCount "73"]
[EventDate "2014.??.??"]

1. Nf3 Nf6 2. g3 g6 3. Bg2 Bg7 4. O-O O-O 5. d3 d6 6. e4 c5 7. Nc3 Nc6 8. h3 e5
9. Be3 h6 10. Qd2 Kh7 11. Nh4 Nh5 12. Qe2 Nf4 13. gxf4 Qxh4 14. fxe5 Bxe5 15.
f4 Bd4 16. Bxd4 Nxd4 17. Qf2 Qh5 18. Nd5 Kg7 19. c3 Nc6 20. Qg3 Rd8 {=} 21. Kh2
g5 22. Bf3 Qg6 23. f5 Qh7 24. f6+ Kh8 25. Nc7 Rb8 26. Nb5 Ne5 27. Nxd6 Nxf3+
28. Rxf3 Be6 29. Nf5 Qg6 30. Rg1 Qxf6 31. Nxh6 Qxh6 32. Qe5+ Qg7 33. Rf6 g4 34.
hxg4 Kg8 35. Rxe6 fxe6 36. Qxe6+ Qf7 37. Qh6 0-1

[Event "Unterfränkischen EM 2014"]
[Site "Wörth am Main"]
[Date "2014.04.25"]
[Round "8.1"]
[White "Reitz, Helmut"]
[Black "Schneider, Jana"]
[Result "0-1"]
[WhiteElo "1831"]
[BlackElo "1766"]
[PlyCount "48"]
[EventDate "2014.??.??"]

1. d4 d5 2. c4 e6 3. Nc3 Be7 4. Nf3 Nf6 5. Bg5 h6 6. Bh4 b6 7. cxd5 exd5 8. e3
O-O 9. Bd3 Bb7 10. O-O c5 11. Rc1 Nbd7 12. Bg3 Nh5 13. Ne5 Nxg3 14. Nxd7 Nxf1
15. Nxf8 Nxe3 16. fxe3 Bxf8 17. Qg4 Qe7 18. Qf3 Re8 19. Kf2 Qh4+ 20. Kg1 Qg5
21. Rf1 Qxe3+ 22. Qxe3 Rxe3 23. Bh7+ Kxh7 24. Rxf7 Be7 0-1

[Event "Unterfränkische"]
[Site "?"]
[Date "2014.04.25"]
[Round "8.6"]
[White "Hofstetter, Hans-Joachim"]
[Black "Scholz, Michael"]
[Result "1-0"]
[WhiteElo "2179"]
[BlackElo "1876"]
[PlyCount "63"]
[EventDate "2014.??.??"]

1. e4 {[%clk 1:59:59]} 1... b6 {[%clk 1:59:35]} 2. d4 {[%clk 1:59:15]} 2... Bb7
{[%clk 1:58:53]} 3. Bd3 {[%clk 1:58:16]} 3... d6 {[%clk 1:58:27]} 4. Nf3 {
[%clk 1:57:12]} 4... Nd7 {[%clk 1:58:04]} 5. O-O {[%clk 1:56:50]} 5... e5 {
[%clk 1:57:25]} 6. c3 {[%clk 1:56:31]} 6... Ngf6 {[%clk 1:56:38]} 7. Re1 {
[%clk 1:56:13]} 7... Be7 {[%clk 1:54:51]} 8. Nbd2 {[%clk 1:55:51]} 8... c5 {
[%clk 1:51:42]} 9. dxe5 {[%clk 1:53:38]} 9... dxe5 {[%clk 1:50:47]} 10. Qe2 {
[%clk 1:37:06]} 10... Qc7 {[%clk 1:48:41]} 11. Nf1 {[%clk 1:32:05]} 11... O-O {
[%clk 1:44:10]} 12. Ng3 {[%clk 1:30:54]} 12... Rfd8 {[%clk 1:42:46]} 13. Nf5 {
[%clk 1:25:34]} 13... Bf8 {[%clk 1:41:49]} 14. Bd2 {[%clk 1:14:44]} 14... Rac8
{[%clk 1:39:11]} 15. b3 {[%clk 1:11:45]} 15... Nb8 {[%clk 1:38:19]} 16. Bg5 {
[%clk 1:07:28]} 16... Nbd7 {[%clk 1:32:51]} 17. Rad1 {[%clk 1:05:37]} 17... h6
{[%clk 1:32:12]} 18. Bc1 {[%clk 0:59:45]} 18... c4 {[%clk 1:30:38]} 19. Bxc4 {
[%clk 0:55:56]} 19... Nxe4 {[%clk 1:26:01]} 20. Qc2 {[%clk 0:52:31]} 20... Ndf6
{[%clk 1:24:58]} 21. a4 {[%clk 0:45:40]} 21... Rxd1 {[%clk 1:22:53]} 22. Rxd1 {
[%clk 0:44:14]} 22... Nxf2 {[%clk 1:19:07]} 23. Qxf2 {[%clk 0:42:34]} 23... Ng4
{[%clk 1:17:43]} 24. Qg3 {[%clk 0:39:06]} 24... Bc5+ {[%clk 1:12:35]} 25. Kf1 {
[%clk 0:36:29]} 25... h5 {[%clk 1:10:54]} 26. Ng5 {[%clk 0:31:51]} 26... Rf8 {
[%clk 1:05:15]} 27. h3 {[%clk 0:29:01]} 27... Bf2 {[%clk 0:56:40]} 28. Qd3 {
[%clk 0:28:30]} 28... e4 {[%clk 0:55:14]} 29. Qd7 {[%clk 0:27:25]} 29... Nh2+ {
[%clk 0:45:23]} 30. Kxf2 {[%clk 0:26:18]} 30... e3+ {[%clk 0:45:06]} 31. Bxe3 {
[%clk 0:25:56]} 31... Qe5 {[%clk 0:44:26]} 32. Qxf7+ 1-0

[Event "Unterfränkischen EM 2014"]
[Site "Wörth am Main"]
[Date "2014.04.25"]
[Round "8.3"]
[White "Helgert, Johannes"]
[Black "Müller, Lutz"]
[Result "1/2-1/2"]
[WhiteElo "1993"]
[BlackElo "2102"]
[PlyCount "83"]
[EventDate "2014.??.??"]

1. d4 Nf6 2. c4 g6 3. Nc3 Bg7 4. e4 d6 5. f3 O-O 6. Bg5 h6 7. Be3 e5 8. dxe5
dxe5 9. Qxd8 Rxd8 10. Nd5 Nxd5 11. cxd5 c6 12. Bc4 b6 13. Ne2 Ba6 14. Bb3 c5
15. Nc3 Nd7 16. Ba4 Nf6 17. Bc6 Rab8 18. a4 Bb7 19. Bxb7 Rxb7 20. Kd2 Ne8 21.
b3 f5 22. Rhf1 Nc7 23. Kc2 Na6 24. Rad1 Rbd7 25. g4 Kh7 26. h3 f4 27. Bd2 Bf8
28. Nb5 Nb4+ 29. Kb1 a6 30. Na3 Bd6 31. Bc3 Bc7 32. Nc4 Nc6 33. Rd2 Nd4 34.
Bxd4 cxd4 35. Rc1 b5 36. Nb2 Ba5 37. Rdc2 Bc3 38. Nd1 b4 39. Nf2 Kg7 40. Nd3
Kf6 41. h4 Re7 42. Rh2 1/2-1/2

[Event "Unterfränkischen EM 2014"]
[Site "Wörth am Main"]
[Date "2014.04.25"]
[Round "8.4"]
[White "Chen, Jiaoji"]
[Black "Böhl, Marius"]
[Result "1-0"]
[WhiteElo "1607"]
[BlackElo "1743"]
[PlyCount "63"]
[EventDate "2014.??.??"]

1. d4 Nf6 2. Nf3 e6 3. Bg5 b6 4. e3 Bb7 5. Bd3 Be7 6. Nbd2 O-O 7. O-O d6 8. Qe2
Nbd7 9. a4 a5 10. e4 c5 11. Bb5 d5 12. e5 Ne4 13. Bxe7 Qxe7 14. c3 Nxd2 15.
Nxd2 Rac8 16. Qd3 Bc6 17. Bxc6 Rxc6 18. Nb1 cxd4 19. cxd4 Qb4 20. Na3 Qxa4 21.
Nb5 Qb4 22. Nd6 f6 23. f4 fxe5 24. fxe5 Rd8 25. Qe3 Qxb2 26. Rab1 Qc3 27. Qg5
Qxd4+ 28. Kh1 Rf8 29. Rxf8+ Nxf8 30. Rf1 Rxd6 31. exd6 Qe3 32. Rxf8+ 1-0

[Event "Unterfränkischen EM 2014"]
[Site "Wörth am Main"]
[Date "2014.04.25"]
[Round "8.5"]
[White "Markert, Markus"]
[Black "Nagel, Erwin"]
[Result "1-0"]
[WhiteElo "2019"]
[BlackElo "1943"]
[PlyCount "91"]
[EventDate "2014.??.??"]

1. e4 c5 2. d4 cxd4 3. Nf3 a6 4. Nxd4 Nf6 5. Nc3 e5 6. Nb3 Bb4 7. Bd3 d5 8.
exd5 Nxd5 9. Bd2 Bxc3 10. bxc3 Nc6 11. O-O O-O 12. Qh5 Nf6 13. Qh4 Ne7 14. Rfe1
Qd6 15. f4 exf4 16. Bxf4 Qb6+ 17. Be3 Qc7 18. Bc5 Re8 19. Bxe7 Rxe7 20. Rxe7
Qxe7 21. Bxh7+ Kf8 22. Re1 Qxe1+ 23. Qxe1 Nxh7 24. Qe4 Nf6 25. Qb4+ Kg8 26. Qb6
Be6 27. Qxb7 Bd5 28. Qb6 Re8 29. h3 Re2 30. Qd8+ Kh7 31. g4 Rxc2 32. Qa5 Kh6
33. Kf1 Kg5 34. Ke1 Kh4 35. Kd1 Rg2 36. Qxa6 Kxh3 37. c4 Bf3+ 38. Kc1 Nxg4 39.
c5 Ne5 40. Nd4 Be4 41. Qc8+ Kh2 42. Qb8 f6 43. c6 Kg1 44. Kd1 Nc4 45. Ne2+ Kh1
46. Ng3+ 1-0

[Event "Unterfränkischen EM 2014"]
[Site "Wörth am Main"]
[Date "2014.04.25"]
[Round "8.6"]
[White "Schandel, Dietmar"]
[Black "Schneider, Johannes"]
[Result "0-1"]
[WhiteElo "1853"]
[BlackElo "1843"]
[PlyCount "96"]
[EventDate "2014.??.??"]

1. e4 c5 2. f4 e6 3. Nf3 a6 4. Be2 b5 5. O-O Bb7 6. d3 d5 7. f5 exf5 8. exd5
Bxd5 9. Nc3 Nf6 10. Nxd5 Qxd5 11. Kh1 Be7 12. Nh4 Ra7 13. Nxf5 O-O 14. Bg5 Bd8
15. Qd2 Re8 16. Rf3 Re5 17. Raf1 Ne8 18. Nh6+ gxh6 19. Bxd8 Qxd8 20. Qxh6 f6
21. Rg3+ Rg7 22. Bg4 Qe7 23. h3 Reg5 24. Rgf3 R5g6 25. Qh4 Nd7 26. Re1 Qf8 27.
Bh5 Nd6 28. Bxg6 hxg6 29. Qf2 Re7 30. Rg3 Kg7 31. Rge3 Rxe3 32. Qxe3 Qf7 33.
Qe7 Nf5 34. Qd8 Ne5 35. a4 Qe7 36. Qa5 Qb7 37. axb5 axb5 38. Ra1 Nc6 39. Qe1
Qe7 40. Qc3 Ng3+ 41. Kh2 Qd6 42. Qe1 Nf5+ 43. Kh1 Qe5 44. Qd1 Ncd4 45. g4 Ne3
46. Ra7+ Kh6 47. g5+ Qxg5 48. Qd2 Qd5+ 0-1

[Event "Unterfränkischen EM 2014"]
[Site "Wörth am Main"]
[Date "2014.04.25"]
[Round "8.7"]
[White "Simon, Jonathan"]
[Black "Klüber, Werner"]
[Result "1-0"]
[WhiteElo "1938"]
[BlackElo "1937"]
[PlyCount "55"]
[EventDate "2014.??.??"]

1. d4 d5 2. c4 e6 3. cxd5 exd5 4. Nc3 c6 5. Nf3 Nf6 6. Bg5 Be7 7. Qc2 h6 8.
Bxf6 Bxf6 9. h3 Na6 10. e3 Nc7 11. Bd3 Be6 12. O-O Qd7 13. b4 a6 14. Na4 Qe7
15. Nc5 Rb8 16. Nxb7 O-O 17. Na5 Rb6 18. Nxc6 Qd6 19. Rfc1 Na8 20. Qc5 Qd7 21.
Nfe5 Bxe5 22. Ne7+ Kh8 23. Ng6+ fxg6 24. Qxf8+ Kh7 25. dxe5 Nc7 26. Qc5 Rb7 27.
Qd6 Qf7 28. Rc6 1-0